Statistiken für Grösste Schweizer Seen XXL

Klicken Sie hier um das Quiz zu spielen!

Allgemein

  • Dieses Quiz wurde 124 mal gespielt
  • Das Durchschnittsergebnis liegt bei 20 aus 68

Antworten auf der Karte

Die Antworten werden auf der Karte rot bzw. grün angezeigt, abhängig davon wie oft sie richtig erraten wurden.
 

Antwortstatistiken

SeeFläche km²Kanton% Korrekt
Bodensee536.00SG/TG
99%
Genfersee580.10GE/VD
97%
Zürichsee88.05SG/SZ/ZH
89%
Vierwaldstättersee113.85LU/NW/OW/
SZ/UR/SZ
88%
Lago Maggiore212.50TI
87%
Neuenburgersee218.28BE/FR/NE/VD
86%
Lago di Lugano48.70TI
84%
Bielersee39.22BE/NE
80%
Thunersee47.85BE
79%
Walensee24.11GL/SG
73%
Zugersee38.44LU/SZ/ZG
72%
Brienzersee29.77BE
71%
Murtensee23.22FR/VD
59%
Hallwilersee10.21AG/LU
57%
Sempachersee14.39LU
55%
Greifensee8.30ZH
52%
Ägerisee7.30ZG
46%
Greyerzersee8.56FR
40%
Sarnersee7.50OW
40%
Sihlsee10.72SZ
40%
Lac de Joux8.77VD
38%
Pfäffikersee3.10ZH
38%
Baldeggersee5.22LU
37%
Lauerzersee3.03SZ
35%
Silsersee4.10GR
30%
Klöntalersee3.10GL
28%
Wohlensee3.05BE
27%
Silvaplanersee2.68GR
26%
Grimselsee2.69BE
24%
Oeschinensee1.19BE
22%
Schiffenensee4.25FR
22%
St. Moritzersee0.76GR
20%
Klingnauer Stausee1.25AG
18%
Lungerersee2.01OW
18%
Lac de Dix3.65VS
17%
Wägitalersee4.18SZ
16%
Lago di Poschiavo1.98GR
15%
Lago Bianco1.46GR
14%
Lago di Lei4.06GR
14%
Lago di Livigno4.61GR
14%
Göscheneralpsee1.32UR
10%
Lago Ritóm1.47TI
10%
Lac Brenet0.80VD
9%
Lac d/Emosson3.27VS
8%
Mattmark Stausee1.76VS
8%
Limmerensee1.33GL
7%
Oberaarsee1.61BE
7%
Lac de l'Hongrin1.60VD
5%
Lac de Moiry1.40VS
5%
Lago del Sambuco1.11TI
5%
Lago di Vogorno1.68TI
5%
Lai da Marmorera1.37GR
5%
Muttsee0.62GL
5%
Lac de Salanfe1.85VS
4%
Daubensee0.69VS
3%
Gelmersee0.62BE
3%
Gigerwaldsee0.68SG
3%
Lac de Mauvoisin2.08VS
3%
Lägh da l'Albigna1.13GR
3%
Lago del Narèt0.73TI
3%
Räterichsbodensee0.63BE
3%
Lac de Tseuzier0.85VS
2%
Lago di Luzzone1.27TI
2%
Lai da Nalps0.90GR
2%
Sufnersee0.81GR
2%
Lai da Curnera0.80GR
1%
Lai da Sontga Maria1.76GR/TI
1%
Zervrellasee1.55GR
0%

Verteilung der Resultate

Perzentil nach korrekt beantworteten Fragen

Anzahl Personen mit jedem Resultat

Ihre Resultats-Entwicklung

Sie haben dieses Quiz noch nicht gespielt